Le sage et l'insensé : la composition et la transmission des sagesses démotiques /

محفوظ في:

المؤلف الرئيسي: Agut-Labordère, Damien.

التنسيق: كتاب

اللغة: French

منشور في: Paris : H. Champion, 2011.

سلاسل: Bibliothèque de l'École des hautes études. Sciences historiques et philologiques (1995) ; 347.

الموضوعات:

الوسوم: إضافة وسم

لا توجد وسوم, كن أول من يضع وسما على هذه التسجيلة!

رقم الطلب: PJ1871 .A37

LEADER 00951nam a22002537a 4500
003 OSt
005 20251027105323.0
008 251027t2011 fr a b 001 0 fre d
020 |a 9782745321718 
040 |c ARCE Library 
050 1 4 |a PJ1871  |b .A37 
100 1 |a Agut-Labordère, Damien. 
245 1 0 |a Le sage et l'insensé :   |b la composition et la transmission des sagesses démotiques /   |c Damien Agut-Labordère. 
264 1 |a Paris :   |b H. Champion,   |c 2011. 
300 |a 423 p. :   |b ill. ;   |c 22 cm. 
490 0 |a Bibliothèque de l'École des hautes études. Sciences historiques et philologiques (1995) ;   |v 347. 
504 |a Includes bibliographical references (p. 369-402) and indexes. 
650 0 |a Proverbs, Egyptian -- History and criticism. 
650 0 |a Egyptian language -- Papyri, Demotic. 
650 0 |a Egyptian language -- Writing, Demotic. 
650 0 |a Manuscripts (Papyri) 
901 |a reviewed 
942 |2 lcc  |c BK 
999 |c 50374  |d 50374